000
00478nam a2200181Ia 4500
008
090122s9999 xx 000 0 und d
082
_b
12584
100
_a
कदम
_b
बाबा
245
_a
किनारा
260
_b
दिलीपराज
_c
2007
300
_a
480
501
_a
दिलीपराज प्रकाशन
600
_a
कदम
630
_a
किनारा
700
_a
कदम
730
_a
किनारा
942
_c
BOOK
999
_c
36661
_d
36661